000 00327nam a22001337a 4500
008 170721b xxu||||| |||| 00| 0 eng d
020 _a9780073191461
041 _aeng
080 _a004
100 _a29
101 _aSHKI
245 _aINTRODUCTION TO LANGUAGES AND THE THEORY OF COMPUTATION
_cMARTIN, J.C
942 _2udc
_cBK
999 _c21777
_d21777